The Andy Griffith Show (Hard) - Statistics

General Stats
  • This quiz has been taken 172 times
    3 since last reset
  • The average score is 10 of 42
Answer Stats
Hint Character % Correct
Grumpy Mayor from season three onward Mayor Stoner
100%
Telephone operator (never shown on camera) Sarah
100%
Father of the family that lives in the mountains, often trying to get one of his children married (Full name) Briscoe Darling
67%
Leads the choir, slightly snooty John Masters
67%
Name one of Opie’s best friends Johnny-Paul, Arnold, Trey
67%
Waitress at the Bluebird Diner (never shown on camera) Juanita
67%
Another nurse, dated Andy even longer Peggy
67%
Name One of the two fun loving blondes that make Hellen and Thelma-Lou jealous Skippy, Daphne
67%
Elderly forgetful bank guard, his gun often falls apart Asa
33%
Grumpy old businessman, often causing trouble for others Ben Weaver
33%
Mutt (claimed to be a bloodhound), Barney adopts to sniff out criminals (one episode) Blue
33%
Only daughter of ^ had a crush on Andy in early episodes Charline Darling
33%
Musician often hires ^ (_________ and his band with a beat) Freddy/Bobby Fleet
33%
Mild mannered nosy old townsman, often playing checkers Jud
33%
Nurse, briefly dated Andy Mary
33%
Kindly Mayor for the first few seasons, slightly raspy voice Mayor Pike
33%
Man originally believed to Opie’s imaginary friend (Mr. McBeevee
33%
Howard’s girlfriend and (brief) fiancé Millie
33%
Howard’s overprotective mother (Mrs. last name only) Sprague
33%
Andy’s eager new deputy for one season Warren
33%
Name one member of the con artist family that Barney stayed with Agnes Jean, Ma, Leroy
0%
Baby daughter of ^ formerly betrothed to Opie Andilina
0%
Aunt Bee’s cousin, pretended to be rich (first name only) Bradford
0%
Newcomer claims to be a descendant of Wyatt Earp (one episode) Clarence
0%
Hollywood starlet makes Hellen jealous (one episode) Darlene
0%
Hobo befriended Opie, played by Buddy Esbin (One episode; full name) David Browne
0%
Wimpy Husband of ^ Dudley
0%
Waitress, Goober’s girlfriend Flora
0%
Friendly owner of the grocery store (last name only) Foley
0%
Ugly daughter of a grumpy farmer (one episode) Franky
0%
*BONUS* Pseudonym/pen name given to Hellen when she wanted to become an authoress Helane Alexian Dubois
0%
Jolly farmer, wanted to marry Thelma-Lou Jeff Pruitt
0%
Banjo playing kluts, played by Jerry Van Dyke Jerry
0%
Guitar player who’s career is saved by Andy multiple times Jim Lindsey
0%
Chubby little boy, often offers his sandwich to others. Real life little brother of Ron Howard Leon
0%
First girlfriend of Goober, painfully awkward Lydia
0%
English tourist comes to visit Andy yearly Malcom Merriwether
0%
Thelma-Lou’s ‘ugly’ cousin Mary Grace
0%
Son of ^, idolizes Opie for a while (full name) Mike Jones
0%
Wife of Otis Campbell Rita Campbell
0%
Local farmer becomes star of spin-off (full name) Sam Jones
0%
Opie’s crush for several seasons Sharon
0%
No matching quizzes found
Score Distribution
Percent of People with Each Score
Percentile by Number Answered
Your Score History
You have not taken this quiz since the last reset